00646cam a2200193 a 450000100100000000500170001000800410002704000230006804100090009105000190010008200150011924500820013426000360021630000210025260000380027365000510031165100640036270000260042600001449320200929163846.0770217s1970 mx 000 |bspa  aDO-SdBNPcDLCdDLC aBNGR00aF1466.5.Y3bY3 axxxbF954C00aYdigoras Fuentes :bante la faz de sus contemporaneos /cMiguel Angel Cospin. aMéxico, D. F. :bLey,cc1970. a159 p. ;c23 cm.20aMiguel Angel CospinxMiscellanea. 0aPresidentszGuatemalaxBiographyxMiscellanea. 0aGuatemalaxPolitics And Governmenty1945-1985xMiscellanea.1 aCospin, Miguel Angel.